| 000 | 00600nam a22001697a 4500 | ||
|---|---|---|---|
| 003 | NUST | ||
| 038 | _aNusrat Nadeem | ||
| 082 | _a200 | ||
| 100 |
_aShah, Qausain Zahra _9125710 |
||
| 245 |
_aIntegrating Social Equity in Urban Resilience Planning in Pakistan: A Case Study of Urban Islamabad/ _cQausain Zahra Shah, |
||
| 264 |
_aIslamabad; _bS3H NUST; _c2024. |
||
| 300 |
_a91,p; _bill; _c30,cm. |
||
| 650 |
_aMS-Government and Public Policy _9125323 |
||
| 700 |
_a Supervisor: Dr. Muhammad Uzair Hashmi _9125711 |
||
| 856 | _uhttp://10.250.8.41:8080/xmlui/handle/123456789/46384 | ||
| 942 |
_2ddc _cSC |
||
| 999 |
_c611413 _d611413 |
||